लोड हो रहा है...

International business: Country culture and corporate culture

ग्रंथसूची विवरण
मुख्य लेखक: Lee, Hyun Sook and Srivastava, R K
स्वरूप: Printed Book
प्रकाशित: Excel Books, New Delhi 2010
विषय:
LEADER 00540nam a2200157 4500
082 |a R 650.01 LEE-I 
100 |a Lee, Hyun Sook and Srivastava, R K 
245 |a International business: Country culture and corporate culture  |c Lee, Hyun Sook and Srivastava, R K 
250
260 |a Excel Books, New Delhi  |c 2010 
300 |a 225 p 
490
650 |a International Business 
942 |c BK 
999 |c 129060  |d 129060 
952 |0 0  |1 0  |4 0  |6 R_650_010000000000000_LEEI  |7 0  |9 142522  |a COM  |b COM  |l 0  |o R 650.01 LEE-I  |p COM06233  |r 2019-10-24  |w 2019-10-24  |y BK